000
00315nam a22001457a 4500
008
210428b ||||| |||| 00| 0 eng d
020
_a
9781269943772
041
_a
eng
080
_2
2nd
_a
53
082
_2
53
100
_a
43
101
_a
FIZ
245
_a
Conceptual Physics
_c
Paul G. Hewitt
942
_2
udc
_c
BK
999
_c
56867
_d
56867